| 000 | 01134nji a22002897a 4500 | ||
|---|---|---|---|
| 005 | 20100921152031.0 | ||
| 006 | a|||||r|||||00| 0 | ||
| 007 | sd ammalaaahaa | ||
| 008 | 100830t xxu||||| |||| 00| 0 eng d | ||
| 028 |
_aSNLP-5010 _bSuper; T-Series |
||
| 035 | _aGR-05167 | ||
| 040 |
_aSED _cSED |
||
| 100 |
_917455 _aBhosle, Asha |
||
| 245 |
_aMaa ki mahima / _csung by Asha Bhosle; music by Surinder Kohli; lyrics by Kartar Chand Nirbal _h[sound recording] : |
||
| 246 | _aमाँ की महिमा / | ||
| 260 |
_aDum Dum, India _bSuper; T-Series _c1990 |
||
| 300 |
_a1 sound disc [Gramophone Recording]: _banalog, 33 1/3 rpm _c12.5 in. (LP) _fGramophone Record |
||
| 500 | _aBrief Record | ||
| 500 | _aRecord labels : Super; T-Series, Red | ||
| 505 | _aSide-1 (Chalo bhakto chalo) (Asha Bhosle) Side-2 (Jai mata ki) (Asha Bhosle) | ||
| 600 |
_aBhosle, Asha _920359 |
||
| 650 |
_aDevotional Songs _xExcerpts _zIndia _920876 |
||
| 700 |
_aKartar Chand Nirbal _920871 |
||
| 700 |
_aKohli, Surinder _921029 |
||
| 942 |
_2ddc _cGR |
||
| 999 |
_c47338 _d47338 |
||